000 00701nam a22001817a 4500
999 _c11831
_d11831
003 AR-CdUCM
008 190405b ||||| |||| 00| 0 spa d
040 _aMUNICIPALIDAD PROVINCIAL DEL CUSCO
_cBIBLIOTECA MUNICIPAL DEL CUSCO
082 _a338.10 /
_bT693 / 1958
100 _aTorres Olave, Samuel
_929391
245 _aDar tierras de cultivo a quienes no las poseen /
260 _aLima :
_bSglo XX,
_c1958.
300 _a23 páginas ;
_c17 cm.
505 _aProyecto de lotización, adjudicación y venta de las tierras ganadas a la agricultura en la segunda etapa de las obras de irrigación del Rio Quiroz...
650 _aRio Quiroz.
_929392
942 _2ddc
_cLIBROS
945 _awfj
_d2019-04-05